000 00641cab a2200205 4500
001 ABS41841
008 090401t1989 xxu||||| |||| 00| 0 eng d
035 _a(Sirsi) u32850
041 _aeng
100 _aOzanne, J.
245 _aDevelopers getting back into Labour`s Gould books
260 _c1989
350 _a0
490 _aEstates Times
_v(1023) 1 December 1989 2
520 _aAn interview with the shadow environment spokesman, Bryan Gould, in which he talks about Labour Party attitudes to property development.
650 _aUDCS
690 _aDEVELOPMENT-COMMERCIAL AND INDUSTRIAL
942 _n0
948 _c04/03/1997
999 _c21952
_d21952